Del Cromosoma al gen : les anomalies cromosòmiques i les malalties metabòliques hereditàries : dos models paradigmàtics de malaltia genètica les anomalies cromosòmiques i les malalties metabòliques hereditàries :
ISBN:
84-7794-394-X
Publicado:
Barcelona :
Corporació Sanitària Clínic : Institut de Bioquímica Clínica, Centre Universitari, DL 1995
Descripción Física:
543 p. : il. ; 25 cm
MARC
| LEADER | 00000nam a2200000Ia 4500 | ||
|---|---|---|---|
| 001 | 11116, 17142 | ||
| 008 | 160829s9999 xx 000 0 cat d | ||
| 020 | |a 84-7794-394-X | ||
| 080 | |a C-1-203, C-2-383 | ||
| 245 | |a Del Cromosoma al gen : |b les anomalies cromosòmiques i les malalties metabòliques hereditàries : |b dos models paradigmàtics de malaltia genètica | ||
| 260 | |a Barcelona : |b Corporació Sanitària Clínic : |b Institut de Bioquímica Clínica, Centre Universitari, DL 1995 | ||
| 300 | |a 543 p. : |b il. ; |c 25 cm | ||
| 590 | |a A la portada: Llibre commemoratiu del 25è. aniversari de l'Institut de Bioquímica Clínica. | ||
| 590 | |a Bibliografia | ||
| 650 | |a Bioquímica clínica |9 31448 | ||
| 650 | |a Cromosomes |x Anàlisi |9 31449 | ||
| 700 | |a Corporació Sanitària Clínic |9 31450 | ||
| 700 | |a Institut de Bioquímica Clínica | ||
| 901 | |a Arxiu | ||
| 942 | |n 1 | ||
| 952 | |0 0 |1 0 |4 0 |6 C1203_C2383 |7 1 |9 45601 |a Arxiu |b Arxiu |d 2016-12-01 |l 0 |o C-1-203, C-2-383 |p 11116, 17142 |r 2016-12-01 00:00:00 |w 2016-12-01 |y ARXIU | ||
| 999 | |c 49100 |d 49100 | ||